Former Flags of South Asia Countries/Territories - Statistics

General Stats
  • This quiz has been taken 60 times
  • The average score is 9 of 13
Answer Stats
Picture Answer % Correct
Bhutan
100%
Ceylon (Sri Lanka)
100%
Provisional Government of Free India (Azad Hind)
100%
East Pakistan (Bangladesh)
97%
Afghanistan
90%
Nepal
87%
Sultanate of Maldives
63%
Kingdom of Sikkim
57%
Jammu and Kashmir
43%
Mughal Empire
43%
Maratha Empire
40%
Sikh Empire
40%
Mauryan Empire
23%
No matching quizzes found
Score Distribution
Percent of People with Each Score
Percentile by Number Answered
Your Score History
You have not taken this quiz